Politicko-ekonomický cyklus

Vymedzenie pojmu politicko-ekonomický cyklus. Historické zaradenie vývoja názorov na problematiku politicko-ekonomického cyklu. Východiská a predpoklady modelov politicko-ekonomického cyklu. Typy modelov politicko-ekonomického cyklu. Nordhausov model. Hibbsov ideologický model. Racionálny ideologick...

Descripción completa

Guardado en:
Detalles Bibliográficos
Autor principal: Žák, Milan
Formato: Capítulo de libro
Lenguaje:checo
Materias:
Etiquetas: Agregar Etiqueta
Sin Etiquetas, Sea el primero en etiquetar este registro!

MARC

LEADER 00000naa a2200000 4500
001 r032498
005 20230912091911.3
041 0 |a cze 
044 |a CZ 
245 1 0 |a Politicko-ekonomický cyklus  |c Milan Žák 
520 |a Vymedzenie pojmu politicko-ekonomický cyklus. Historické zaradenie vývoja názorov na problematiku politicko-ekonomického cyklu. Východiská a predpoklady modelov politicko-ekonomického cyklu. Typy modelov politicko-ekonomického cyklu. Nordhausov model. Hibbsov ideologický model. Racionálny ideologický model. Politicko-ekonomický cyklus v českej ekonomike. 
610 2 0 |a cykly hospodárske 
610 2 0 |a politika hospodárska 
610 2 0 |a vláda 
610 2 0 |a politika 
610 2 0 |a ekonómia 
610 2 0 |a ideológia 
610 2 0 |a Česko 
610 2 0 |a Nordhausov model 
610 2 0 |a model ideologický racionálny 
610 2 0 |a Hibbsov ideologický model 
100 1 |a Žák, Milan